01272nam a2200277 a 4500001001200000003000800012006001900020007001500039008004100054010001700095020001500112040002100127035002000148050002500168082001400193245024900207260005500456300004200511504004100553533015200594650003400746650004200780655002900822710001700851856012600868ebr10068366CaPaEBRm u cr cn|||||||||900912s1991 dcuaf sb f000 0 eng  z 90063215  z030904376X aCaPaEBRcCaPaEBR a(OCoLC)4496383614aQA278.2b.S62 1991eb04a519.522000aSpatial statistics and digital image analysish[electronic resource] /cPanel on Spatial Statistics and Image Processing, Board on Mathematical Sciences, Commission on Physical Sciences, Mathematics, and Applications, National Research Council. aWashington, D.C. :bNational Academy Press,c1991. aix, 234 p., [12] p. of plates :bill. aIncludes bibliographical references. aElectronic reproduction.bPalo Alto, Calif. :cebrary,d2013.nAvailable via World Wide Web.nAccess may be limited to ebrary affiliated libraries. 0aSpatial analysis (Statistics) 0aImage processingxDigital techniques. 7aElectronic books.2local2 aebrary, Inc.40uhttp://site.ebrary.com/lib/rucke/Doc?id=10068366zAn electronic book accessible through the World Wide Web; click to view